000 00393nam a22001697a 4500
003 MPLRDC
005 20220104124151.0
008 210129b ||||| |||| 00| 0 eng d
082 _a876.5 VERN
100 _aJULES VERNE
245 _a归乡
_c徐进夫译
250 _a四版
260 _a
_b晨钟出版社
_c1976
300 _b
650 _a法国文学
942 _cBK
_o876.5 VERN
999 _c17169
_d17159